50 joyas de Museos Puebla / (Registro nro. 25166)
[ vista simple ]
| 000 -LEADER | |
|---|---|
| fixed length control field | 01396cam a2200361 i 4500 |
| 001 - CONTROL NUMBER | |
| control field | 25166 |
| 003 - CONTROL NUMBER IDENTIFIER | |
| control field | Mx-PuUPA |
| 005 - DATE AND TIME OF LATEST TRANSACTION | |
| control field | 20251007092016.0 |
| 008 - FIXED-LENGTH DATA ELEMENTS--GENERAL INFORMATION | |
| fixed length control field | 140415s2020 mx a gr 001 0 spa d |
| 020 ## - INTERNATIONAL STANDARD BOOK NUMBER | |
| Terms of availability | en trámite |
| 040 ## - CATALOGING SOURCE | |
| Transcribing agency | Mx-PuUPA |
| Original cataloging agency | Mx-PuUPA |
| Language of cataloging | spa |
| Modifying agency | Mx-PuUPA |
| Description conventions | rda |
| 041 0# - LANGUAGE CODE | |
| Language code of text/sound track or separate title | spa |
| 043 ## - GEOGRAPHIC AREA CODE | |
| Source of local code | mx-mxbn |
| Local GAC code | n-mx-pu |
| 110 1# - MAIN ENTRY--CORPORATE NAME | |
| Corporate name or jurisdiction name as entry element | Gobierno del Estado de Puebla / Secretaría de Cultura, |
| 9 (RLIN) | 17423 |
| Relator term | autor |
| 245 10 - TITLE STATEMENT | |
| Title | 50 joyas de Museos Puebla / |
| Statement of responsibility, etc. | Gobierno de Puebla, autor ; John O'leary, Bob Schalkwijk y Carlos Varillas, fotografías |
| 246 13 - VARYING FORM OF TITLE | |
| Title proper/short title | Cincuenta joyas de Museos Puebla |
| 250 ## - EDITION STATEMENT | |
| Edition statement | Primera edición |
| 264 #1 - PRODUCTION, PUBLICATION, DISTRIBUTION, MANUFACTURE, AND COPYRIGHT NOTICE | |
| Place of production, publication, distribution, manufacture | Puebla, Pue. México : |
| Name of producer, publisher, distributor, manufacturer | Museos Puebla, |
| Date of production, publication, distribution, manufacture, or copyright notice | 2020 |
| 300 ## - PHYSICAL DESCRIPTION | |
| Extent | 127 páginas : |
| Other physical details | ilustraciones ; |
| Dimensions | 28 cm |
| 336 ## - CONTENT TYPE | |
| Fuente | rdacontent |
| Content type term | texto |
| Content type code | txt |
| 337 ## - MEDIA TYPE | |
| Source | rdamedia |
| Media type term | sin medio |
| Media type code | n |
| 338 ## - CARRIER TYPE | |
| Source | rdacarrier |
| Carrier type term | volumen |
| Carrier type code | nc |
| 650 #7 - SUBJECT ADDED ENTRY--TOPICAL TERM | |
| Source of heading or term | armarc |
| Topical term or geographic name entry element | Arte mexicano |
| General subdivision | Historia |
| 650 #7 - SUBJECT ADDED ENTRY--TOPICAL TERM | |
| Source of heading or term | armarc |
| Topical term or geographic name entry element | Museos de arte |
| Geographic subdivision | Puebla (México) |
| General subdivision | Historia |
| Form subdivision | Exposiciones |
| 650 #7 - SUBJECT ADDED ENTRY--TOPICAL TERM | |
| Source of heading or term | armarc |
| Topical term or geographic name entry element | Museos de arte |
| General subdivision | Curaduría |
| Geographic subdivision | Puebla |
| -- | México |
| General subdivision | Historia |
| 700 1# - ADDED ENTRY--PERSONAL NAME | |
| Personal name | O'leary, John, |
| Relator term | fotógrafo |
| 700 1# - ADDED ENTRY--PERSONAL NAME | |
| Personal name | Schalkwijk, Bob, |
| Relator term | fotógrafo |
| 700 1# - ADDED ENTRY--PERSONAL NAME | |
| Personal name | Varillas, Carlos, |
| Relator term | fotógrafo |
| 942 ## - ADDED ENTRY ELEMENTS (KOHA) | |
| Source of classification or shelving scheme | Dewey Decimal Classification |
| Koha item type | Libro |
| Classification part | 709.7248 |
| Item part | C57 |
| Withdrawn status | Lost status | Source of classification or shelving scheme | Damaged status | Not for loan | Collection code | Home library | Current library | Shelving location | Date acquired | Source of acquisition | Cost, normal purchase price | Total Checkouts | Full call number | Barcode | Date last seen | Price effective from | Koha item type |
|---|---|---|---|---|---|---|---|---|---|---|---|---|---|---|---|---|---|
| Dewey Decimal Classification | Consulta en sala | Puebla | Biblioteca Karol Wojtyla | Biblioteca Karol Wojtyla | Área de silencio | 03/12/2013 | Donación | 0.00 | 709.7248 C57 2020 | 46937 | 05/01/2026 | 03/12/2013 | Libro |